<?xml version="1.0" encoding="UTF-8"?>
<record
    xmlns:xsi="http://www.w3.org/2001/XMLSchema-instance"
    xsi:schemaLocation="http://www.loc.gov/MARC21/slim http://www.loc.gov/standards/marcxml/schema/MARC21slim.xsd"
    xmlns="http://www.loc.gov/MARC21/slim">

  <leader>00882nam a2200169Ia 4500</leader>
  <controlfield tag="008">110201s9999    xx            000 0 und d</controlfield>
  <datafield tag="082" ind1=" " ind2=" ">
    <subfield code="b">B9335</subfield>
    <subfield code="a">S 1743</subfield>
  </datafield>
  <datafield tag="100" ind1=" " ind2=" ">
    <subfield code="a">&#x907;&#x902;&#x917;&#x933;&#x947; &#x935;.&#x928;.</subfield>
  </datafield>
  <datafield tag="245" ind1=" " ind2=" ">
    <subfield code="a">&#x92E;&#x939;&#x93E;&#x930;&#x93E;&#x937;&#x94D;&#x91F;&#x94D;&#x930;&#x93E;&#x91A;&#x947; &#x936;&#x93F;&#x932;&#x94D;&#x92A;&#x915;&#x93E;&#x930; : &#x915;&#x930;&#x94D;&#x92E;&#x935;&#x940;&#x930; &#x92E;&#x93E;&#x92E;&#x93E;&#x938;&#x93E;&#x939;&#x947;&#x92C; &#x91C;&#x917;&#x926;&#x93E;&#x933;&#x947;</subfield>
  </datafield>
  <datafield tag="260" ind1=" " ind2=" ">
    <subfield code="b">&#x92E;&#x939;&#x93E;&#x930;&#x93E;&#x937;&#x94D;&#x91F;&#x94D;&#x930; &#x930;&#x93E;&#x91C;&#x94D;&#x92F; &#x92A;&#x93E;&#x920;&#x94D;&#x92F;&#x92A;&#x941;&#x938;&#x94D;&#x924;&#x915;  &#x928;&#x93F;&#x930;&#x94D;&#x92E;&#x93F;&#x924;&#x940;</subfield>
  </datafield>
  <datafield tag="365" ind1=" " ind2=" ">
    <subfield code="b">45</subfield>
  </datafield>
  <datafield tag="600" ind1=" " ind2=" ">
    <subfield code="a">&#x907;&#x902;&#x917;&#x933;&#x947; &#x935;.&#x928;.</subfield>
  </datafield>
  <datafield tag="630" ind1=" " ind2=" ">
    <subfield code="a">&#x92E;&#x939;&#x93E;&#x930;&#x93E;&#x937;&#x94D;&#x91F;&#x94D;&#x930;&#x93E;&#x91A;&#x947; &#x936;&#x93F;&#x932;&#x94D;&#x92A;&#x915;&#x93E;&#x930; : &#x915;&#x930;&#x94D;&#x92E;&#x935;&#x940;&#x930; &#x92E;&#x93E;&#x92E;&#x93E;&#x938;&#x93E;&#x939;&#x947;&#x92C; &#x91C;&#x917;&#x926;&#x93E;&#x933;&#x947;</subfield>
  </datafield>
  <datafield tag="700" ind1=" " ind2=" ">
    <subfield code="a">&#x907;&#x902;&#x917;&#x933;&#x947; &#x935;.&#x928;.</subfield>
  </datafield>
  <datafield tag="730" ind1=" " ind2=" ">
    <subfield code="a">&#x92E;&#x939;&#x93E;&#x930;&#x93E;&#x937;&#x94D;&#x91F;&#x94D;&#x930;&#x93E;&#x91A;&#x947; &#x936;&#x93F;&#x932;&#x94D;&#x92A;&#x915;&#x93E;&#x930; : &#x915;&#x930;&#x94D;&#x92E;&#x935;&#x940;&#x930; &#x92E;&#x93E;&#x92E;&#x93E;&#x938;&#x93E;&#x939;&#x947;&#x92C; &#x91C;&#x917;&#x926;&#x93E;&#x933;&#x947;</subfield>
  </datafield>
  <datafield tag="942" ind1=" " ind2=" ">
    <subfield code="c">BOOK</subfield>
  </datafield>
  <datafield tag="999" ind1=" " ind2=" ">
    <subfield code="c">834777</subfield>
    <subfield code="d">834774</subfield>
  </datafield>
  <datafield tag="952" ind1=" " ind2=" ">
    <subfield code="0">0</subfield>
    <subfield code="1">0</subfield>
    <subfield code="4">0</subfield>
    <subfield code="7">0</subfield>
    <subfield code="a">PMKV</subfield>
    <subfield code="b">PMKV</subfield>
    <subfield code="d">2011-02-01</subfield>
    <subfield code="g">45.00</subfield>
    <subfield code="l">0</subfield>
    <subfield code="p">PMKV-B9335</subfield>
    <subfield code="r">2011-02-01 00:00:00</subfield>
    <subfield code="v">45.00</subfield>
    <subfield code="w">2011-02-01</subfield>
    <subfield code="y">BOOK</subfield>
  </datafield>
</record>
